[Event "Futurity 4"]
[Site "Winnipeg CAN"]
[Date "2011.01.11"]
[Round "2.5"]
[White "Boron, Anthony"]
[Black "Lipic, Stephen"]
[Result "1/2-1/2"]
[WhiteElo "1993"]
[BlackElo "1839"]
[PlyCount "73"]
[GameId "2160767909829724"]
[EventDate "2011.01.04"]
[EventType "tourn"]
[EventRounds "5"]
[EventCountry "CAN"]

1. e4 c6 2. d4 d5 3. exd5 Qxd5 4. c4 Qe4+ 5. Be3 Bf5 6. Nc3 Qc2 7. Qxc2 Bxc2 8. Nf3 e6 9. Rc1 Bg6 10. Ne5 Bd6 11. Nxg6 hxg6 12. h3 Ne7 13. Bd3 Nd7 14. Ne4 Bb4+ 15. Ke2 Nf5 16. a3 Be7 17. b4 Rd8 18. Nc5 Nxc5 19. Bxf5 Nb3 20. Rc3 Nxd4+ 21. Bxd4 Rxd4 22. Bb1 Rhh4 23. c5 Bf6 24. g3 Rh5 25. Re3 Rhd5 26. f4 Rd2+ 27. Kf3 Bd4 28. Re2 Rxe2 29. Kxe2 Bb2 30. Be4 Rd8 31. b5 Bxa3 32. bxc6 bxc6 33. Bxc6+ Ke7 34. Rb1 Bxc5 35. Rb7+ Kf6 36. g4 g5 37. fxg5+ 1/2-1/2

[Event "Futurity 4"]
[Site "Winnipeg CAN"]
[Date "2011.01.31"]
[Round "3"]
[White "Melamedoff, Gustavo"]
[Black "Kaptsan, Aron"]
[Result "1-0"]
[WhiteElo "2084"]
[BlackElo "2010"]
[PlyCount "25"]
[GameId "2160767909829725"]
[EventDate "2011.01.04"]
[EventType "tourn"]
[EventRounds "5"]
[EventCountry "CAN"]

1. e4 c5 2. c3 d5 3. exd5 Qxd5 4. d4 cxd4 5. Nf3 Bg4 6. Be2 e6 7. O-O Nf6 8. cxd4 Be7 9. Nc3 Qd8 10. Qb3 b6 11. Bb5+ Nbd7 12. Ne5 O-O 13. Bxd7 1-0

[Event "Futurity 4"]
[Site "Winnipeg CAN"]
[Date "2011.01.25"]
[Round "4"]
[White "Melamedoff, Gustavo"]
[Black "Lauritson, Jim"]
[Result "1-0"]
[WhiteElo "2084"]
[BlackElo "1977"]
[PlyCount "99"]
[GameId "2160767909829726"]
[EventDate "2011.01.04"]
[EventType "tourn"]
[EventRounds "5"]
[EventCountry "CAN"]

1. Nf3 d5 2. c4 c6 3. b3 Bg4 4. Ne5 Bf5 5. g3 Nf6 6. Bg2 e6 7. d3 Bc5 8. O-O Bd4 9. e4 Bxa1 10. exf5 Bxe5 11. fxe6 fxe6 12. Re1 Bd4 13. Ba3 Kf7 14. g4 h6 15. h4 Qc7 16. Qe2 Qe5 17. Qxe5 Bxe5 18. Rxe5 Nxg4 19. Re2 Re8 20. Nc3 Nd7 21. Bh3 Ngf6 22. f4 Rad8 23. Rf2 e5 24. cxd5 cxd5 25. Nb5 e4 26. Nd6+ Kg8 27. Nxe8 Rxe8 28. dxe4 Rxe4 29. Bf5 Re1+ 30. Kg2 b6 31. Rc2 Re8 32. Bg6 Ra8 33. Rc7 Nf8 34. Bf7+ Kh8 35. Bb2 N8d7 36. f5 a5 37. Be6 Nc5 38. Bxf6 Nxe6 39. fxe6 gxf6 40. Rf7 d4 41. Kf2 Kg8 42. Ke2 Rf8 43. Rb7 f5 44. Rxb6 f4 45. Rd6 Re8 46. Kf3 Kf8 47. Kxf4 Ke7 48. Ke5 Rb8 49. Rd7+ Ke8 50. Rxd4 1-0

[Event "Futurity 4"]
[Site "Winnipeg CAN"]
[Date "2011.01.25"]
[Round "4.5"]
[White "Kaptsan, Aron"]
[Black "Lipic, Stephen"]
[Result "1-0"]
[WhiteElo "2010"]
[BlackElo "1839"]
[PlyCount "175"]
[GameId "2160767909829727"]
[EventDate "2011.01.04"]
[EventType "tourn"]
[EventRounds "5"]
[EventCountry "CAN"]

1. d4 g6 2. e4 Bg7 3. Nf3 d6 4. Bc4 Nf6 5. Nc3 O-O 6. Bb3 Nbd7 7. e5 dxe5 8. dxe5 Ng4 9. e6 Nde5 10. exf7+ Kh8 11. Qxd8 Rxd8 12. Nxe5 Nxe5 13. Nd5 Be6 14. Nxc7 Bxb3 15. axb3 Rac8 16. Ne6 Rd6 17. Nxg7 Kxg7 18. c3 a6 19. O-O Kxf7 20. Bf4 Re6 21. Rad1 Ng4 22. h3 Nf6 23. Be3 b5 24. b4 Ne4 25. Bf4 g5 26. Bh2 Nf6 27. Rd2 h5 28. Rfd1 Rc4 29. Kf1 Rce4 30. f3 Rc4 31. Rd4 Rcc6 32. Re1 Rxe1+ 33. Kxe1 Ke6 34. Ke2 Rc8 35. Bg1 g4 36. fxg4 hxg4 37. hxg4 Rg8 38. Kf3 Nd7 39. Re4+ Ne5+ 40. Kg3 Kd5 41. Rd4+ Ke6 42. Be3 Nc4 43. Bc1 Rh8 44. Rd1 Rh7 45. g5 Kf5 46. Rf1+ Kg6 47. Re1 e5 48. b3 Nd6 49. Rxe5 Nf5+ 50. Kf2 Rh1 51. Re1 Rxe1 52. Kxe1 Ng3 53. Bd2 Ne4 54. Ke2 Kf5 55. Kd3 Ke5 56. Be3 Ng3 57. Bd4+ Kf5 58. Bf6 Ne4 59. c4 Nd6 60. c5 Ne8 61. Kd4 Ke6 62. Ke4 Nc7 63. Bc3 Nd5 64. Bd2 Ne7 65. Kf4 Kd5 66. Kg4 Ke6 67. Kh5 Kf7 68. Kh6 Kg8 69. g6 Nc6 70. Kg5 Kg7 71. Bc3+ Kg8 72. Kf6 a5 73. bxa5 b4 74. Bxb4 Nxb4 75. Ke6 Nc6 76. a6 Na7 77. Kd7 Kf8 78. c6 Nc8 79. g7+ Kg8 80. Kxc8 Kh7 81. a7 Kg8 82. a8=Q Kf7 83. c7 Kg8 84. Kb7+ Kxg7 85. c8=Q Kf6 86. Qa5 Ke7 87. Qe5+ Kf7 88. Qce8# 1-0

[Event "Futurity 4"]
[Site "Winnipeg CAN"]
[Date "2011.01.25"]
[Round "4.5"]
[White "Zaczek, Jonathon"]
[Black "Boron, Anthony"]
[Result "0-1"]
[WhiteElo "2300"]
[BlackElo "1993"]
[PlyCount "113"]
[GameId "2160767909829728"]
[EventDate "2011.01.04"]
[EventType "tourn"]
[EventRounds "5"]
[EventCountry "CAN"]

1. e4 c6 2. d4 d5 3. Nc3 dxe4 4. Nxe4 Bf5 5. Ng3 Bg6 6. f4 e6 7. Nf3 Nd7 8. Bc4 Be7 9. O-O Nh6 10. c3 Nf5 11. Ne4 Nd6 12. Nxd6+ Bxd6 13. Qe1 Nb6 14. Bb3 O-O 15. Nh4 Be4 16. Rf3 Bf5 17. Nxf5 exf5 18. Bd2 Re8 19. Re3 Qd7 20. Rxe8+ Rxe8 21. Qf2 Nd5 22. c4 Nf6 23. Re1 Ne4 24. Qe3 Qe7 25. Bc1 Qd7 26. a3 Nf6 27. Qf2 Ng4 28. Rxe8+ Qxe8 29. Qd2 g5 30. g3 gxf4 31. gxf4 Qd8 32. h3 Nf6 33. Bc2 Qd7 34. Qg2+ Kf8 35. Qg5 Be7 36. Be3 Qe6 37. Bf2 Qxc4 38. Qxf5 Qe2 39. Qd3 Qh5 40. Qf5 Qf3 41. Qc8+ Kg7 42. Qf5 Qe2 43. Qd3 Qh5 44. Qf5 Qe2 45. Qd3 Qxd3 46. Bxd3 Nd5 47. f5 Bf6 48. Bf1 Bg5 49. Kg2 Kf6 50. Kf3 Bc1 51. a4 Bxb2 52. Bh4+ Kxf5 53. Bd3+ Ke6 54. Bf2 Nf6 55. Ke3 Bc1+ 56. Kf3 h6 57. h4 0-1

[Event "Futurity 4"]
[Site "Winnipeg CAN"]
[Date "2011.02.01"]
[Round "5"]
[White "Lipic, Stephen"]
[Black "Zaczek, Jonathon"]
[Result "0-1"]
[WhiteElo "1839"]
[BlackElo "2300"]
[PlyCount "126"]
[GameId "2160767909829729"]
[EventDate "2011.01.04"]
[EventType "tourn"]
[EventRounds "5"]
[EventCountry "CAN"]

1. e4 e5 2. Nf3 Nc6 3. Nxe5 Nxe5 4. d4 Nc6 5. d5 Nb8 6. Bc4 d6 7. O-O g6 8. f4 Bg7 9. e5 Ne7 10. e6 fxe6 11. dxe6 d5 12. f5 dxc4 13. Qxd8+ Kxd8 14. f6 Rf8 15. Rd1+ Ke8 16. fxg7 Rg8 17. Re1 Rxg7 18. Nc3 Ng8 19. Bg5 h6 20. Bh4 g5 21. Bg3 Na6 22. Rad1 Re7 23. Nd5 Rxe6 24. Rf1 Bd7 25. Bxc7 Bc6 26. Ba5 Bxd5 27. Rxd5 b6 28. Rdf5 Kd7 29. Bc3 Rae8 30. a3 Kc6 31. b4 cxb3 32. cxb3 Nc5 33. b4 Ne4 34. Be1 Nd6 35. b5+ Kd7 36. Bg3 Nxf5 37. Rxf5 Nf6 38. h3 Nh5 39. Rd5+ Ke7 40. Bf2 Nf4 41. Rd2 Rd8 42. Rc2 Rd1+ 43. Kh2 Re2 44. Rxe2+ Nxe2 45. a4 Ra1 46. a5 Rxa5 47. h4 Rxb5 48. Bg3 Nxg3 49. h5 a5 50. Kh3 Kf6 51. Kg4 Ke5 52. Kh3 Rc5 53. Kg4 Rc7 54. Kh3 Ra7 55. Kg4 Ra6 56. Kh3 b5 57. Kg4 Re6 58. Kh3 Kf5 59. Kh2 Rg6 60. Kh3 Re6 61. Kh2 Kg4 62. Kg1 Rf6 63. Kh2 Rf2 0-1

[Event "Futurity 4"]
[Site "Winnipeg CAN"]
[Date "2011.02.01"]
[Round "5.5"]
[White "Boron, Anthony"]
[Black "Melamedoff, Gustavo"]
[Result "0-1"]
[WhiteElo "1993"]
[BlackElo "2084"]
[PlyCount "66"]
[GameId "2160767909829730"]
[EventDate "2011.01.04"]
[EventType "tourn"]
[EventRounds "5"]
[EventCountry "CAN"]

1. e4 c5 2. Nc3 e6 3. f4 Nc6 4. Nf3 g6 5. Bb5 Nge7 6. Bxc6 Nxc6 7. O-O Bg7 8. d3 O-O 9. Be3 b6 10. f5 d5 11. fxg6 hxg6 12. Bg5 f6 13. Bd2 d4 14. Ne2 e5 15. Qe1 Be6 16. Qg3 Ne7 17. Nh4 g5 18. Nf5 Nxf5 19. exf5 Bd5 20. h4 gxh4 21. Qxh4 Kf7 22. Rae1 Rh8 23. Qg4 Qg8 24. Qg6+ Ke7 25. Nf4 Bf7 26. Qg3 Bh6 27. Qf3 Kd6 28. b4 Bxf4 29. bxc5+ bxc5 30. Bxf4 Bd5 31. Qg3 Qxg3 32. Bxg3 Rag8 33. Kf2 Rh5 0-1

[Event "Futurity 4"]
[Site "Winnipeg CAN"]
[Date "2011.02.01"]
[Round "5.5"]
[White "Lauritson, Jim"]
[Black "Kaptsan, Aron"]
[Result "1-0"]
[WhiteElo "1977"]
[BlackElo "2010"]
[PlyCount "57"]
[GameId "2160767909829731"]
[EventDate "2011.01.04"]
[EventType "tourn"]
[EventRounds "5"]
[EventCountry "CAN"]

1. d4 Nf6 2. c4 e6 3. Nc3 Bb4 4. Qc2 c5 5. dxc5 Bxc5 6. Nf3 d5 7. e3 O-O 8. Be2 Nc6 9. a3 dxc4 10. Bxc4 b6 11. b4 Be7 12. O-O Bb7 13. Bb2 Rc8 14. Rfd1 Qc7 15. Be2 Ne5 16. Nd4 Nc4 17. Ncb5 Qb8 18. Bxc4 a6 19. Qb3 axb5 20. Nxb5 Qa8 21. f3 Nd5 22. e4 Nf4 23. Rac1 Kh8 24. Rd7 Bg5 25. Nd6 Bc6 26. Nxf7+ Kg8 27. Bxe6 Nxe6 28. Qxe6 Bxd7 29. Nh6+ 1-0

[Event "Futurity 5"]
[Site "Winnipeg CAN"]
[Date "2011.03.01"]
[Round "1"]
[White "Green, Jim"]
[Black "Melamedoff, Gustavo"]
[Result "0-1"]
[WhiteElo "1822"]
[BlackElo "2130"]
[PlyCount "76"]
[GameId "2160767909787524"]
[EventDate "2011.03.01"]
[EventType "tourn"]
[EventRounds "5"]
[EventCountry "CAN"]

1. e4 e5 2. Nf3 Nc6 3. Bb5 a6 4. Ba4 Nf6 5. O-O Be7 6. Re1 b5 7. Bb3 O-O 8. c3 d6 9. h3 Nd7 10. d4 Bf6 11. a4 Bb7 12. a5 Ne7 13. Be3 Bxe4 14. Bc2 Bxc2 15. Qxc2 Nd5 16. Nbd2 c5 17. dxc5 Nxe3 18. Rxe3 Nxc5 19. Ne4 Nxe4 20. Qxe4 d5 21. Qg4 e4 22. Nh2 Be5 23. Qd1 f5 24. Re1 Qd6 25. Nf1 f4 26. Qb3 e3 27. fxe3 f3 28. Red1 fxg2 29. Kxg2 Qg6+ 30. Kh1 Qe4+ 31. Kg1 Rad8 32. Rd2 Rd6 33. Rg2 Rg6 34. Rxg6 Qxg6+ 35. Kh1 Qe4+ 36. Kg1 Rf6 37. Rd1 Rg6+ 38. Kf2 Rg2+ 0-1

[Event "Futurity 5"]
[Site "Winnipeg CAN"]
[Date "2011.03.01"]
[Round "1"]
[White "Pottinger, Carl"]
[Black "Kaptsan, Aron"]
[Result "1-0"]
[WhiteElo "1832"]
[BlackElo "2011"]
[PlyCount "85"]
[GameId "2160767909787525"]
[EventDate "2011.03.01"]
[EventType "tourn"]
[EventRounds "5"]
[EventCountry "CAN"]

1. e4 e5 2. Nf3 Nc6 3. Bb5 a6 4. Ba4 Nf6 5. O-O Be7 6. Re1 b5 7. Bb3 d6 8. a4 Bb7 9. d3 O-O 10. Nbd2 Nd7 11. Nf1 Nc5 12. c3 Nxb3 13. Qxb3 Na5 14. Qc2 c5 15. Bd2 Nc6 16. Ne3 Re8 17. Nd5 Bf8 18. c4 b4 19. Qd1 Ne7 20. Qe2 Nxd5 21. exd5 Be7 22. Qe4 Bc8 23. g4 Rf8 24. g5 f5 25. Qh4 f4 26. Kh1 Bf5 27. Rg1 Bxd3 28. b3 Be4 29. Qg4 Bxg5 30. Rae1 Bxf3+ 31. Qxf3 Bf6 32. Rg4 Qd7 33. Reg1 Qf5 34. Qh3 Kh8 35. Be1 f3 36. Bd2 Rae8 37. Qg3 Rf7 38. h4 h5 39. Rg6 Qe4 40. Bh6 Bxh4 41. Bxg7+ Rxg7 42. Rh6+ Rh7 43. Qg7# 1-0

[Event "Futurity 5"]
[Site "Winnipeg CAN"]
[Date "2011.03.08"]
[Round "2"]
[White "Pottinger, Carl"]
[Black "Lauritson, Jim"]
[Result "0-1"]
[WhiteElo "1832"]
[BlackElo "1990"]
[PlyCount "92"]
[GameId "2160767909787526"]
[EventDate "2011.03.01"]
[EventType "tourn"]
[EventRounds "5"]
[EventCountry "CAN"]

1. e4 c5 2. Nf3 a6 3. d4 cxd4 4. Nxd4 Nf6 5. Nc3 e5 6. Nb3 Bb4 7. Qd3 Nc6 8. Bd2 d6 9. Be2 Be6 10. O-O O-O 11. Nd5 Bxd2 12. Nxf6+ Qxf6 13. Qxd2 Qg6 14. f3 Rad8 15. Nc1 d5 16. exd5 Bxd5 17. Bd3 f5 18. Qe2 Nd4 19. Qe3 Qb6 20. Kh1 Qxb2 21. Nb3 Nc6 22. Rfb1 Qc3 23. Qc5 Qxc5 24. Nxc5 Na5 25. c4 Bc6 26. Bf1 Rd6 27. h3 Rfd8 28. Nb3 Nxb3 29. axb3 Kf8 30. Ra5 Re8 31. Re1 Rde6 32. b4 g6 33. b5 axb5 34. cxb5 Bd5 35. b6 Bc6 36. Bc4 R6e7 37. Bd5 Bxd5 38. Rxd5 Kf7 39. Kg1 Kf6 40. Kf2 Re6 41. Rb5 Rc8 42. g4 Rcc6 43. Reb1 Rc2+ 44. Kg3 f4+ 45. Kh4 g5+ 46. Kh5 Rh2 0-1

[Event "Futurity 5"]
[Site "Winnipeg CAN"]
[Date "2011.03.08"]
[Round "2"]
[White "Schulz, Waldemar"]
[Black "Green, Jim"]
[Result "1/2-1/2"]
[WhiteElo "2046"]
[BlackElo "1822"]
[PlyCount "47"]
[GameId "2160767909787527"]
[EventDate "2011.03.01"]
[EventType "tourn"]
[EventRounds "5"]
[EventCountry "CAN"]

1. Nf3 d5 2. d4 c6 3. c4 Nf6 4. Nc3 a6 5. a4 e6 6. e3 Nbd7 7. Bd3 g6 8. O-O Bg7 9. a5 O-O 10. Qc2 Re8 11. e4 dxe4 12. Nxe4 Nxe4 13. Bxe4 Nf6 14. Bg5 h6 15. Bxf6 Qxf6 16. Rad1 Rd8 17. Qb3 Qe7 18. Rfe1 Qc7 19. Qb4 Bd7 20. Ne5 Be8 21. f4 Rab8 22. Qb6 Qxb6 23. axb6 Kf8 24. c5 1/2-1/2

[Event "Futurity 5"]
[Site "Winnipeg CAN"]
[Date "2011.03.15"]
[Round "3"]
[White "Green, Jim"]
[Black "Pottinger, Carl"]
[Result "0-1"]
[WhiteElo "1822"]
[BlackElo "1832"]
[PlyCount "114"]
[GameId "2160767909787528"]
[EventDate "2011.03.01"]
[EventType "tourn"]
[EventRounds "5"]
[EventCountry "CAN"]

1. e4 c5 2. Nf3 d6 3. Bb5+ Bd7 4. Bxd7+ Qxd7 5. O-O Nc6 6. c3 Nf6 7. Qe2 e6 8. Rd1 Be7 9. d4 cxd4 10. cxd4 d5 11. e5 Ne4 12. Nbd2 Nxd2 13. Bxd2 O-O 14. Rac1 Rac8 15. a3 a6 16. Rc2 Na7 17. Rdc1 Rxc2 18. Rxc2 Rc8 19. Qd1 Rxc2 20. Qxc2 Qc6 21. Qxc6 Nxc6 22. Bc3 f6 23. Kf1 Kf7 24. Ke2 Bd8 25. Kd3 Bb6 26. Ke2 Ba7 27. g3 b5 28. h3 a5 29. b4 axb4 30. axb4 Bb6 31. Kf1 fxe5 32. Nxe5+ Nxe5 33. dxe5 Kg6 34. Ke2 d4 35. Be1 Kf5 36. Kd3 Kxe5 37. f4+ Kd5 38. Bd2 e5 39. fxe5 Kxe5 40. Bf4+ Kd5 41. g4 Bd8 42. Bd2 Bh4 43. Bc1 Be1 44. Bb2 Bxb4 45. Bxd4 g6 46. Bb2 Bd6 47. h4 h5 48. gxh5 gxh5 49. Bc3 Be7 50. Be1 Ke5 51. Ke3 Bc5+ 52. Kf3 Kd4 53. Bf2+ Kc4 54. Be1 Bb4 55. Bg3 Bc3 56. Bd6 Bd4 57. Ke4 Bf6 0-1

[Event "Futurity 5"]
[Site "Winnipeg CAN"]
[Date "2011.03.22"]
[Round "4"]
[White "Lauritson, Jim"]
[Black "Green, Jim"]
[Result "1/2-1/2"]
[WhiteElo "1990"]
[BlackElo "1822"]
[PlyCount "105"]
[GameId "2160767909787529"]
[EventDate "2011.03.01"]
[EventType "tourn"]
[EventRounds "5"]
[EventCountry "CAN"]

1. d4 d5 2. c4 c6 3. Nf3 Nf6 4. Nc3 a6 5. c5 Nbd7 6. Bf4 g6 7. e3 Bg7 8. Be2 O-O 9. h3 Re8 10. O-O Ne4 11. Nxe4 dxe4 12. Ng5 e5 13. Qb3 Qe7 14. dxe5 Nxc5 15. Qc2 h6 16. Nxe4 Bf5 17. Nf6+ Bxf6 18. exf6 Bxc2 19. fxe7 Bf5 20. g4 Be6 21. Bxh6 Rxe7 22. Rfd1 f6 23. Bf4 Rd7 24. Rxd7 Nxd7 25. Rd1 Kf7 26. b3 a5 27. Bc4 Nf8 28. Bxe6+ Kxe6 29. Rd6+ Ke7 30. Rd1 Nd7 31. a4 Ke6 32. Kg2 Nc5 33. Rb1 Nd3 34. Bc7 Nb4 35. Rd1 Nd5 36. Bg3 Rc8 37. h4 b5 38. e4 Nc3 39. Rd6+ Ke7 40. axb5 Nxb5 41. Rd3 Ke6 42. f3 Ra8 43. Rd1 a4 44. bxa4 Rxa4 45. Rc1 Ra2+ 46. Kh3 Nd4 47. h5 gxh5 48. gxh5 Ra5 49. Kg4 Rg5+ 50. Kh3 Rxh5+ 51. Kg2 Rg5 52. Rd1 c5 53. Kf2 1/2-1/2

[Event "Futurity 5"]
[Site "Winnipeg CAN"]
[Date "2011.03.22"]
[Round "4"]
[White "Pottinger, Carl"]
[Black "Melamedoff, Gustavo"]
[Result "1-0"]
[WhiteElo "1832"]
[BlackElo "2130"]
[PlyCount "97"]
[GameId "2160767909787530"]
[EventDate "2011.03.01"]
[EventType "tourn"]
[EventRounds "5"]
[EventCountry "CAN"]

1. c4 e6 2. g3 d5 3. Bg2 c6 4. Nf3 f5 5. O-O Nf6 6. d3 Be7 7. Nc3 O-O 8. cxd5 exd5 9. e4 fxe4 10. dxe4 Nxe4 11. Nxe4 dxe4 12. Qxd8 Rxd8 13. Ng5 Bxg5 14. Bxg5 Rd5 15. Rad1 Bg4 16. f3 Bxf3 17. Bxf3 exf3 18. Rxd5 cxd5 19. Rd1 h6 20. Be3 Nc6 21. Rxd5 Rf8 22. Rd7 b6 23. Bd4 Rf7 24. Rxf7 Kxf7 25. Bc3 g5 26. h3 h5 27. g4 hxg4 28. hxg4 Ke6 29. Kf2 Ne5 30. Bd2 Nxg4+ 31. Kxf3 Kf5 32. a4 Ne5+ 33. Kg3 g4 34. b4 Ke6 35. b5 Nc4 36. Bb4 Ne5 37. Bd2 Kf5 38. Bb4 Nd3 39. Bd6 Nb2 40. Bb8 Nxa4 41. Bxa7 Kg5 42. Bb8 Nc3 43. Bc7 Nd5 44. Bd8+ Kf5 45. Kg2 Kf4 46. Kg1 Kf3 47. Bh4 g3 48. Bg5 Kg4 49. Bd2 1-0

[Event "Futurity 5"]
[Site "Winnipeg CAN"]
[Date "2011.03.29"]
[Round "5"]
[White "Green, Jim"]
[Black "Kaptsan, Aron"]
[Result "1/2-1/2"]
[WhiteElo "1822"]
[BlackElo "2011"]
[PlyCount "111"]
[GameId "2160767909787531"]
[EventDate "2011.03.01"]
[EventType "tourn"]
[EventRounds "5"]
[EventCountry "CAN"]

1. e4 c5 2. Nf3 d6 3. Bb5+ Nd7 4. O-O a6 5. Bxd7+ Bxd7 6. Qe2 e6 7. Rd1 Ne7 8. b3 Ng6 9. d4 cxd4 10. Nxd4 Be7 11. c4 O-O 12. Bb2 Qc7 13. Nc3 Rfe8 14. Kh1 Bc6 15. f4 Bf6 16. f5 Ne5 17. Qf2 Nxc4 18. Nxe6 fxe6 19. bxc4 exf5 20. Qxf5 Bxe4 21. Nxe4 Bxb2 22. Qd5+ Qf7 23. Qxf7+ Kxf7 24. Rab1 Rxe4 25. Rxb2 Rd8 26. c5 d5 27. Rc2 Ke6 28. c6 bxc6 29. Rxc6+ Rd6 30. Rc7 d4 31. Kg1 Rg4 32. h3 Rg6 33. Rc5 Rd5 34. Rc6+ Kd7 35. Rxg6 hxg6 36. Kf1 Kd6 37. Ke2 Re5+ 38. Kd2 Kd5 39. Rb1 Re3 40. Rb8 Rg3 41. Rd8+ Kc4 42. Rc8+ Kb4 43. Rb8+ Ka3 44. Ra8 Kxa2 45. Rxa6+ Kb3 46. Rc6 Kb4 47. Rc7 Kb5 48. Rc8 Rxg2+ 49. Kd3 Rg3+ 50. Kxd4 Rxh3 51. Rc7 Rh7 52. Ke4 Kb6 53. Rc1 Rh4+ 54. Kf3 Rd4 55. Rg1 Rd6 56. Re1 1/2-1/2

[Event "Futurity 5"]
[Site "Winnipeg CAN"]
[Date "2011.03.29"]
[Round "5"]
[White "Schulz, Waldemar"]
[Black "Pottinger, Carl"]
[Result "1/2-1/2"]
[WhiteElo "2046"]
[BlackElo "1832"]
[PlyCount "90"]
[GameId "2160767909787532"]
[EventDate "2011.03.01"]
[EventType "tourn"]
[EventRounds "5"]
[EventCountry "CAN"]

1. d4 Nf6 2. c4 e6 3. g3 c5 4. Nf3 cxd4 5. Nxd4 Nc6 6. Bg2 Bc5 7. Nxc6 bxc6 8. O-O d5 9. Nc3 O-O 10. Qc2 Be7 11. Rd1 Qc7 12. Bg5 Bb7 13. Rac1 Rac8 14. Qa4 Qb8 15. e4 h6 16. Be3 a6 17. Qb3 Ng4 18. Na4 Nxe3 19. Qxe3 Rcd8 20. exd5 cxd5 21. cxd5 e5 22. Qb6 Rd6 23. Qc7 Bg5 24. Qxb8 Rxb8 25. Rc7 Bd8 26. Rc2 f5 27. Nc5 e4 28. Bf1 Kh7 29. Bc4 Kg6 30. Bb3 Kf6 31. Ne6 Bb6 32. Nc5 g5 33. Nxb7 Rxb7 34. Rc6 Rbd7 35. Ba4 Rd8 36. Kf1 Ke5 37. Rxd6 Rxd6 38. Bc6 f4 39. gxf4+ gxf4 40. Rc1 a5 41. Rc3 e3 42. fxe3 fxe3 43. Rd3 Rf6+ 44. Ke1 Bc5 45. a3 Rf2 1/2-1/2

[Event "Gatineau Benevoles"]
[Site "Gatineau CAN"]
[Date "2011.09.20"]
[Round "2"]
[White "Gagnon, Fabien"]
[Black "Lacourse, Guy"]
[Result "1-0"]
[WhiteElo "1986"]
[BlackElo "1736"]
[PlyCount "49"]
[GameId "2160767909648922"]
[EventDate "2011.09.??"]
[EventType "swiss"]
[EventRounds "5"]
[EventCountry "CAN"]
[SourceTitle "EXT 2022"]
[Source "ChessBase"]
[SourceDate "2021.10.06"]
[SourceVersion "1"]
[SourceVersionDate "2021.10.06"]
[SourceQuality "1"]

1. Nf3 Nf6 2. d4 g6 3. g3 d5 4. Bg2 Bg7 5. O-O O-O 6. Ne5 Bf5 7. c4 c6 8. Nc3 Ne4 9. cxd5 Nxc3 10. bxc3 cxd5 11. Qb3 Nc6 12. f4 Nxe5 13. fxe5 Rb8 14. Bxd5 e6 15. Bg2 g5 16. Ba3 Qd7 17. Bxf8 Bxf8 18. a4 Qc7 19. Rac1 h5 20. Rxf5 exf5 21. Rf1 Bh6 22. Rxf5 Rf8 23. e6 fxe6 24. Qxe6+ Kh7 25. Be4 1-0

[Event "Gatineau Benevoles"]
[Site "Gatineau CAN"]
[Date "2011.09.27"]
[Round "3"]
[White "Libersan, Mattieu"]
[Black "Gagnon, Fabien"]
[Result "0-1"]
[WhiteElo "1777"]
[BlackElo "1986"]
[PlyCount "32"]
[GameId "2160767909648923"]
[EventDate "2011.09.??"]
[EventType "swiss"]
[EventRounds "5"]
[EventCountry "CAN"]
[SourceTitle "EXT 2022"]
[Source "ChessBase"]
[SourceDate "2021.10.06"]
[SourceVersion "1"]
[SourceVersionDate "2021.10.06"]
[SourceQuality "1"]

1. e4 c5 2. Nf3 e6 3. d4 cxd4 4. Nxd4 a6 5. c4 Qc7 6. Nc3 Nf6 7. Be2 Bb4 8. O-O Bxc3 9. bxc3 Nxe4 10. Bd3 Nc5 11. Bc2 d6 12. Qg4 O-O 13. Bh6 f5 14. Qg5 Kh8 15. Rfe1 gxh6 16. Qxh6 Qg7 0-1

[Event "Gatineau Benevoles"]
[Site "Gatineau CAN"]
[Date "2011.10.04"]
[Round "4"]
[White "Gagnon, Fabien"]
[Black "Guimond, Michel"]
[Result "0-1"]
[WhiteElo "1986"]
[BlackElo "1901"]
[PlyCount "66"]
[GameId "2160767909648924"]
[EventDate "2011.09.??"]
[EventType "swiss"]
[EventRounds "5"]
[EventCountry "CAN"]
[SourceTitle "EXT 2022"]
[Source "ChessBase"]
[SourceDate "2021.10.06"]
[SourceVersion "1"]
[SourceVersionDate "2021.10.06"]
[SourceQuality "1"]

1. Nf3 e6 2. g3 f5 3. Bg2 Nf6 4. O-O d5 5. d4 Bd6 6. b3 Qe7 7. c4 c6 8. Bb2 Nbd7 9. Ne5 g5 10. Qc1 g4 11. Nd2 Nf8 12. Re1 Bd7 13. Nf1 h5 14. a4 h4 15. Ba3 hxg3 16. fxg3 Rh7 17. Bxd6 Qxd6 18. cxd5 exd5 19. Qc3 Ne6 20. Rab1 f4 21. b4 Ng5 22. gxf4 Nfe4 23. Qe3 Nh3+ 24. Bxh3 Rxh3 25. Qc1 g3 26. Nxg3 O-O-O 27. Nxe4 dxe4 28. e3 Rg8+ 29. Kf1 Rxh2 30. Re2 Bh3+ 31. Ke1 Rg1+ 32. Kd2 Rxe2+ 33. Kxe2 Rxc1 0-1

[Event "Gatineau Benevoles"]
[Site "Gatineau CAN"]
[Date "2011.10.11"]
[Round "5"]
[White "Danilov, Alex"]
[Black "Gagnon, Fabien"]
[Result "1-0"]
[WhiteElo "1745"]
[BlackElo "1986"]
[PlyCount "73"]
[GameId "2160767909648925"]
[EventDate "2011.09.??"]
[EventType "swiss"]
[EventRounds "5"]
[EventCountry "CAN"]
[SourceTitle "EXT 2022"]
[Source "ChessBase"]
[SourceDate "2021.10.06"]
[SourceVersion "1"]
[SourceVersionDate "2021.10.06"]
[SourceQuality "1"]

1. c4 e5 2. g3 Nf6 3. Bg2 d5 4. cxd5 Nxd5 5. Nc3 Nb6 6. Nf3 Nc6 7. O-O Be6 8. d3 f6 9. a3 Qd7 10. b4 O-O-O 11. Be3 Kb8 12. Rc1 h5 13. Nb5 h4 14. Nxc7 Bh3 15. Na6+ bxa6 16. Bxh3 Qxh3 17. Rxc6 e4 18. Bf4+ Bd6 19. Rxd6 exf3 20. Rxd8+ Kb7 21. exf3 Rxd8 22. Qe2 hxg3 23. fxg3 Qd7 24. Qe4+ Qd5 25. Rc1 Rd7 26. Kf2 g5 27. Be3 Qxe4 28. dxe4 Rd3 29. h4 gxh4 30. gxh4 Rxa3 31. h5 Ra2+ 32. Kg3 Nd7 33. h6 Nf8 34. Bf4 Ng6 35. Rc7+ Kb6 36. Rf7 Nxf4 37. Rxf6+ 1-0

[Event "Gatineau LEO-ch A"]
[Site "Gatineau CAN"]
[Date "2011.04.12"]
[Round "1"]
[White "Gagnon, Fabien"]
[Black "Desjardins, Michel"]
[Result "1/2-1/2"]
[WhiteElo "1978"]
[BlackElo "1872"]
[PlyCount "33"]
[GameId "2160767909778915"]
[EventDate "2011.04.12"]
[EventType "swiss"]
[EventRounds "6"]
[EventCountry "CAN"]
[SourceTitle "EXT 2022"]
[Source "ChessBase"]
[SourceDate "2021.10.06"]
[SourceVersion "1"]
[SourceVersionDate "2021.10.06"]
[SourceQuality "1"]

1. c4 c6 2. e4 d5 3. exd5 cxd5 4. d4 Nf6 5. Nc3 e6 6. Nf3 Nc6 7. cxd5 exd5 8. Bb5 Bb4 9. Ne5 Bd7 10. Nxd7 Qxd7 11. O-O Bxc3 12. bxc3 O-O 13. Qd3 a6 14. Ba4 Qg4 15. Bc2 b5 16. a3 Rfe8 17. f3 1/2-1/2

[Event "Gatineau LEO-ch A"]
[Site "Gatineau CAN"]
[Date "2011.04.19"]
[Round "2"]
[White "Gagnon, Fabien"]
[Black "Guimond, Michel"]
[Result "1-0"]
[WhiteElo "1978"]
[BlackElo "1945"]
[PlyCount "81"]
[GameId "2160767909778916"]
[EventDate "2011.04.12"]
[EventType "swiss"]
[EventRounds "6"]
[EventCountry "CAN"]
[SourceTitle "EXT 2022"]
[Source "ChessBase"]
[SourceDate "2021.10.06"]
[SourceVersion "1"]
[SourceVersionDate "2021.10.06"]
[SourceQuality "1"]

1. Nf3 g6 2. g3 Bg7 3. d4 d6 4. c4 Nd7 5. Bg2 e5 6. Nc3 Ne7 7. O-O O-O 8. e4 h6 9. dxe5 dxe5 10. b3 c6 11. Qd6 Re8 12. Rd1 Bf8 13. Qd3 Qa5 14. Bd2 Qc7 15. Be3 b6 16. Rac1 f6 17. Rd2 Nc5 18. Bxc5 bxc5 19. Na4 h5 20. Rcd1 Bg4 21. h3 Bxf3 22. Qxf3 Kf7 23. Rd7 Qa5 24. Qd3 Kg7 25. f4 exf4 26. gxf4 Kh6 27. h4 Bg7 28. Kh2 Nc8 29. Rf7 Ne7 30. Qe3 f5 31. Rd7 Rad8 32. Rfxe7 Rxe7 33. Rxe7 Rd1 34. Qg3 Bf6 35. Re6 Qd8 36. exf5 gxf5 37. Qg5+ Kh7 38. Rxf6 Rd6 39. Qxf5+ Kg7 40. Rf7+ Kg8 41. Qh7# 1-0